000 00379nam a2200121Ia 4500
008 220916s9999 xx 000 0 und d
020 _a978-1-936424-1-2-2
245 4 _aTHE UNITED STATES PHARMACOPEIA THE NATIONAL FORMULARY, USP36 NF 31 VOL-1
260 _bUNITED STATES PHARMACOPEIAL CONVENTION, ROCKVILLE
_c2012
300 _a2281
650 _aRegulatory Affairs
942 _cBK
999 _c86895
_d86895